000 00558nam a2200193Ia 4500
005 20250326141352.0
008 250326s9999 xx 000 0 und d
020 _a81-900204-0-4
037 _aTextbook
040 _aFMSL
_beng
_cFMSL
041 _aeng
_2eng
084 _aX9W N1
_qFMSL
100 _aMahnot S R
_9744290
245 0 _aPrivatisation options and challenges
_cMahnot S R
260 _aNew Delhi
_bNew Delhi, Centre for Industrial and Econ. Res.
_c1991
300 _axii,418
942 _cTB
_hX9W N1
999 _c1289984
_d1289984